Statistics for Talent of the Year: Eredivisie

Click here to take the quiz!

General Stats

  • This quiz has been taken 39 times
  • The average score is 9 of 32

Answer Stats

SeasonClubPlayer% Correct
2015PSVMemphis Depay
72%
2004AFC AjaxWesley Sneijder
68%
2016AZ AlkmaarVincent Janssen
64%
2001/02FeyenoordRobin van Persie
60%
2003PSVArjen Robben
48%
1995AFC AjaxPatrick Kluivert
48%
2000/01AFC AjaxRafael van der Vaart
48%
2006AFC AjaxKlaas-Jan Huntelaar
44%
1990AFC AjaxDennis Bergkamp
36%
1998/99Fortuna SittardMark van Bommel
36%
2012AZ AlkmaarAdam Maher
32%
2011AFC AjaxChristian Eriksen
32%
2013VitesseMarco van Ginkel
32%
2014AFC AjaxDavy Klaassen
28%
2010AFC AjaxGregory van der Wiel
28%
1992AFC AjaxMarc Overmars
28%
1994AFC AjaxClarence Seedorf
24%
2003/04AFC AjaxJohn Heitinga
20%
2005FeyenoordSalomon Kalou
16%
1999/00PSVArnold Bruggink
12%
1986AFC AjaxAron Winter
12%
2009FC TwenteEljero Elia
12%
2007PSVIbrahim Afellay
12%
1987AFC AjaxBryan Roy
8%
1996SC HeerenveenJohn Dahl Tomasson
8%
1984FeyenoordMario Been
8%
1997PSVBoudewijn Zenden
4%
1985PSVFrans van Rooij
4%
1991FeyenoordGaston Taument
4%
2008SC HeerenveenMiralem Sulejmani
4%
1988FC TwentePieter Huistra
4%
1989AFC AjaxRichard Witschge
4%

Score Distribution

Percentile by Number Answered

Percent of People with Each Score

Your Score History

You have not taken this quiz